000 00664nam a2200217 a 4500
001 000032216
003 OSt
005 20240301141636.0
007 ta
008 110713s1943 dr a 000 0 spa d
040 _aDO-SdBNP
_bspa
_cBNPHU
049 _aBNPD
082 _a614.5999
_bM896c
_222
100 1 _a Moscoso Puello, F. E.,
_q (Francisco Eujenio)
_d1885-1959
_958361
245 1 0 _aCáncer del esófago /
_cF. E. Moscoso Puello.
260 _aCiudad Trujillo, República Dominicana :
_bCambier,
_c1943.
300 _a22 p. :
_bil. ;
_c23 cm.
650 0 _2LEMB
_978056
_aEsófago
_xCáncer
910 _aValidado. Control de calidad MAA
942 _2ddc
_cLBS1
999 _c31707
_d31707